<?xml version="1.0" encoding="UTF-8"?><?xml-stylesheet type="text/xsl" href="static/style.xsl"?><OAI-PMH xmlns="http://www.openarchives.org/OAI/2.0/" xmlns:xsi="http://www.w3.org/2001/XMLSchema-instance" xsi:schemaLocation="http://www.openarchives.org/OAI/2.0/ http://www.openarchives.org/OAI/2.0/OAI-PMH.xsd"><responseDate>2026-06-02T04:52:49Z</responseDate><request verb="GetRecord" identifier="oai:riuma.uma.es:10630/29409" metadataPrefix="marc">https://riuma.uma.es/rest/oai/request</request><GetRecord><record><header><identifier>oai:riuma.uma.es:10630/29409</identifier><datestamp>2026-02-03T10:50:48Z</datestamp><setSpec>com_10630_2254</setSpec><setSpec>col_10630_37953</setSpec></header><metadata><record xmlns="http://www.loc.gov/MARC21/slim" xmlns:dcterms="http://purl.org/dc/terms/" xmlns:doc="http://www.lyncode.com/xoai" xmlns:xsi="http://www.w3.org/2001/XMLSchema-instance" xsi:schemaLocation="http://www.loc.gov/MARC21/slim http://www.loc.gov/standards/marcxml/schema/MARC21slim.xsd">
   <leader>00925njm 22002777a 4500</leader>
   <datafield ind2=" " ind1=" " tag="042">
      <subfield code="a">dc</subfield>
   </datafield>
   <datafield ind2=" " ind1=" " tag="720">
      <subfield code="a">Cantero-Téllez, Raquel</subfield>
      <subfield code="e">author</subfield>
   </datafield>
   <datafield ind2=" " ind1=" " tag="720">
      <subfield code="a">Algar, Lori A.</subfield>
      <subfield code="e">author</subfield>
   </datafield>
   <datafield ind2=" " ind1=" " tag="720">
      <subfield code="a">Valdes, Kristin</subfield>
      <subfield code="e">author</subfield>
   </datafield>
   <datafield ind2=" " ind1=" " tag="720">
      <subfield code="a">Naughton, Nancy</subfield>
      <subfield code="e">author</subfield>
   </datafield>
   <datafield ind2=" " ind1=" " tag="260">
      <subfield code="c">2022-08-23</subfield>
   </datafield>
   <datafield ind2=" " ind1=" " tag="520">
      <subfield code="a">Introduction: Thumb CMC joint OA is a common diagnosis. Currently there is no evidence available to&#xd;
under if proprioceptive neuromuscular training is an effective intervention for this population.&#xd;
Purpose of the study: To establish the effectiveness of a proprioceptive training program as a complemen tary therapy for patients with thumb CMC joint OA.&#xd;
Methods: Standard conservative thumb CMC joint OA treatments were received by both the control&#xd;
(n = 26) and experimental groups (n = 26) for a period of 12 weeks. The experimental group received a&#xd;
proprioceptive training program during the same intervention period. Outcome measures included sever ity of pain with activity according to the numerical rating scale (NRS), QuickDASH, Canadian Occupational&#xd;
Performance Measure (COPM), and proprioception via joint position sense (JPS).&#xd;
Results: Fifty-two females participated in the study. Both the experimental and control group made both&#xd;
clinically and statistically significant changes in the mean VAS and COPM scores over time. Only the&#xd;
experimental group achieved a statistically and clinically significant change in JPS error score over time.&#xd;
Discussion: Experimental group achieved a statistically significant change in JPS over time in concordance&#xd;
with previous investigations. Changes in pain scores differed from prior investigations and the between group comparison was not statistically significant. Changes in the Quick DASH was similar to previous&#xd;
findings.&#xd;
Conclusion: Proprioceptive training in addition to a traditional rehabilitation program decreased error&#xd;
scores on the joint position sense test.</subfield>
   </datafield>
   <datafield ind1="8" ind2=" " tag="024">
      <subfield code="a">Cantero-Téllez, R., Algar, L. A., Valdes, K. A., &amp; Naughton, N. (2022). Clinical effects of proprioceptive thumb exercise for individuals with carpometacarpal joint osteoarthritis: A randomized controlled trial. Journal of Hand Therapy, 35(3), 358–366.</subfield>
   </datafield>
   <datafield ind1="8" ind2=" " tag="024">
      <subfield code="a">https://hdl.handle.net/10630/29409</subfield>
   </datafield>
   <datafield ind1="8" ind2=" " tag="024">
      <subfield code="a">10.1016/j.jht.2022.06.009</subfield>
   </datafield>
   <datafield tag="653" ind2=" " ind1=" ">
      <subfield code="a">Artrosis</subfield>
   </datafield>
   <datafield tag="653" ind2=" " ind1=" ">
      <subfield code="a">Dedos</subfield>
   </datafield>
   <datafield ind2="0" ind1="0" tag="245">
      <subfield code="a">Clinical effects of proprioceptive thumb exercise for individuals with carpometacarpal joint osteoarthritis: A randomized controlled trial.</subfield>
   </datafield>
</record>
</metadata></record></GetRecord></OAI-PMH>